000 00390pab a2200157 454500
008 180718b2013 xxu||||| |||| 00| 0 eng d
100 _aKernaghan, Paul
245 _aPolice direct entry and the search for talent: A historical perspective
260 _c2013
300 _ap.7-14.
650 _aTalents
650 _aPolice
773 _aPolice Journal
908 _aN
909 _a99710
999 _c99709
_d99709